Statistics for Australian Universities

Click here to take the quiz!

General Stats

  • This quiz has been taken 28 times
  • The average score is 34 of 39

Answer Stats

HintAnswer% Correct
VICMonash University
100%
VICThe University of Melbourne
100%
QLDThe University of Queensland
100%
NSWThe University of Sydney
100%
ACTUniversity of Canberra
100%
SAUniversity of South Australia
100%
TASUniversity of Tasmania
100%
ACTAustralian National University
95%
SAThe University of Adelaide
95%
NSWThe University of Newcastle
95%
WAThe University of Western Australia
95%
NSWUniversity of Wollongong
95%
NSWWestern Sydney University
95%
WACurtin University
90%
VICRMIT University
90%
NSWUniversity of Technology, Sydney
90%
NSWUNSW, Sydney
90%
VICVictoria University
90%
NationalAustralian Catholic University
85%
QLDBond University
85%
QLDCQUniversity Australia
85%
WAEdith Cowan University
85%
QLDJames Cook University
85%
VICLa Trobe University
85%
NSWThe University of New England
85%
NSWCharles Sturt University
80%
VICDeakin University
80%
QLDGriffith University
80%
NSWMacquarie University
80%
NTCharles Darwin University
75%
SAFlinders University
75%
WAMurdoch University
75%
QLDQueensland University of Technology
75%
VICSwinburne University of Technology
75%
QLDUniversity of the Sunshine Coast
75%
VICFederation University Australia
70%
QLDUniversity of Southern Queensland
70%
NSWSouthern Cross University
65%
NationalThe University of Notre Dame
65%

Score Distribution

Percentile by Number Answered

Percent of People with Each Score

Your Score History

You have not taken this quiz